000 00232 a2200097 4500
001 53103
100 _aHarrington S
245 _aComputer Graphic A Programme Approach
260 _aNew York
_bMcGraw-Hill
_c
090 _c33390
_d33390
942 _aNUST-CAE
_cM
_c25992
999 _c288176
_d288176